000 00731nam a2200241 a 4500
001 54752
003 BD-RjUL
005 20211209080150.0
008 161110r2002 ii a b 001 0 eng
020 _a8178088304
035 _a(BD-RjUL)54874
040 _aDLC
_cDLC
_dBD-RjUL
_beng
041 _aeng
082 0 0 _223
_a511.5
_bWEI 2002
100 1 _aWest, Douglas Brent.
_9163248
245 1 0 _aIntroduction to graph theory /
_cDouglas B. West.
250 _a2nd ed.
260 _aUpper Saddle River, N.J. :
_bPrentice Hall,
_cc2001 [Reprinted 2002]
300 _axix, 588 p. :
_bill. ;
_c25 cm.
504 _aIncludes bibliographical references (p. 537-568) and indexes.
650 0 _aGraph theory.
_9119357
942 _2ddc
_cBK
999 _c54752
_d54752